|
|
|
|
| LEADER |
00000caa a22000002c 4500 |
| 001 |
1475147740 |
| 003 |
DE-627 |
| 005 |
20220601132715.0 |
| 007 |
cr uuu---uuuuu |
| 008 |
140507s2014 xx |||||o 00| ||eng c |
| 024 |
7 |
|
|a 10.1163/15733831-12341306
|2 doi
|
| 035 |
|
|
|a (DE-627)1475147740
|
| 035 |
|
|
|a (DE-576)405147740
|
| 035 |
|
|
|a (DE-599)BSZ405147740
|
| 040 |
|
|
|a DE-627
|b ger
|c DE-627
|e rakwb
|
| 041 |
|
|
|a eng
|
| 084 |
|
|
|a 0
|a 1
|2 ssgn
|
| 100 |
1 |
|
|a Corrie, John
|4 aut
|
| 109 |
|
|
|a Corrie, John
|
| 245 |
1 |
0 |
|a Migration as a Theologizing Experience
|
| 264 |
|
1 |
|c 2014
|
| 300 |
|
|
|a Online-Ressource
|
| 336 |
|
|
|a Text
|b txt
|2 rdacontent
|
| 337 |
|
|
|a Computermedien
|b c
|2 rdamedia
|
| 338 |
|
|
|a Online-Ressource
|b cr
|2 rdacarrier
|
| 601 |
|
|
|a Theologe
|
| 650 |
|
4 |
|a Migration
|x asylum seekers
|x reverse mission
|x beyond Christendom
|x intercultural
|x mutuality
|x vulnerability
|x exile
|
| 773 |
0 |
8 |
|i In
|t Mission studies
|d Leiden : Brill, 1984
|g 31(2014), 1, Seite 9-21
|h Online-Ressource
|w (DE-627)389463434
|w (DE-600)2149151-3
|w (DE-576)112775772
|x 1573-3831
|7 nnas
|
| 773 |
1 |
8 |
|g volume:31
|g year:2014
|g number:1
|g pages:9-21
|
| 856 |
4 |
0 |
|u http://dx.doi.org/10.1163/15733831-12341306
|x Verlag
|3 Volltext
|7 1
|
| 935 |
|
|
|a mteo
|
| 951 |
|
|
|a AR
|
| ELC |
|
|
|a 1
|
| ITA |
|
|
|a 1
|t 1
|
| LOK |
|
|
|0 000 xxxxxcx a22 zn 4500
|
| LOK |
|
|
|0 001 2795340410
|
| LOK |
|
|
|0 003 DE-627
|
| LOK |
|
|
|0 004 1475147740
|
| LOK |
|
|
|0 005 20170808153219
|
| LOK |
|
|
|0 008 140507||||||||||||||||ger|||||||
|
| LOK |
|
|
|0 040
|a DE-Tue135
|c DE-627
|d DE-Tue135
|
| LOK |
|
|
|0 092
|o n
|
| LOK |
|
|
|0 852
|a DE-Tue135
|
| LOK |
|
|
|0 852 1
|9 00
|
| LOK |
|
|
|0 935
|a bril
|
| LOK |
|
|
|0 939
|a 08-08-17
|b l01
|
| ORI |
|
|
|a SA-MARC-ixtheoa001.raw
|
| REL |
|
|
|a 1
|
| STA |
0 |
0 |
|a Migration,Migration,Population movement
|
| STB |
0 |
0 |
|a Migration,Migration
|
| STC |
0 |
0 |
|a Migración,Migración
|
| STD |
0 |
0 |
|a Migrazione,Migrazione
|
| STE |
0 |
0 |
|a 迁移,移民,迁徙
|
| STF |
0 |
0 |
|a 遷移,移民,遷徙
|
| STG |
0 |
0 |
|a Migração,Migração
|
| STH |
0 |
0 |
|a Миграция (мотив),Миграция
|
| STI |
0 |
0 |
|a Μετανάστευση <μοτίβο>,Μετανάστευση,Αποδημία,Αποδημία (μοτίβο)
|
| SUB |
|
|
|a REL
|
| SYE |
0 |
0 |
|a Wanderung,Migration,Bevölkerungswanderung,Wanderung,Wanderungen,Wanderungsbewegung
|